Gladys Aylward: (Record no. 5861)

MARC details
000 -LEADER
fixed length control field 00607nam a22002057a 4500
003 - CONTROL NUMBER IDENTIFIER
control field GBCCL
005 - DATE AND TIME OF LATEST TRANSACTION
control field 20241126110551.0
008 - FIXED-LENGTH DATA ELEMENTS--GENERAL INFORMATION
fixed length control field 180412b ||||| |||| 00| 0 eng d
020 ## - INTERNATIONAL STANDARD BOOK NUMBER
International Standard Book Number 0946616108
040 ## - CATALOGING SOURCE
Transcribing agency gbc
082 ## - DEWEY DECIMAL CLASSIFICATION NUMBER
Classification number 266.0092
Item number AYL
100 ## - MAIN ENTRY--PERSONAL NAME
Personal name Thompson, Phyllis
9 (RLIN) 3768
245 ## - TITLE STATEMENT
Title Gladys Aylward:
Remainder of title A London sparrow /
Statement of responsibility, etc. Phyllis Thompson
260 ## - PUBLICATION, DISTRIBUTION, ETC.
Place of publication, distribution, etc. England:
Name of publisher, distributor, etc. Highland Books,
Date of publication, distribution, etc. 1984
300 ## - PHYSICAL DESCRIPTION
Extent 190 p.;
Dimensions 18 cm.
650 ## - SUBJECT ADDED ENTRY--TOPICAL TERM
Topical term or geographic name entry element Aylward, Gladys
Chronological subdivision 1970
9 (RLIN) 10608
650 ## - SUBJECT ADDED ENTRY--TOPICAL TERM
Topical term or geographic name entry element Missionaries
Geographic subdivision China
Form subdivision Biography
9 (RLIN) 6888
650 ## - SUBJECT ADDED ENTRY--TOPICAL TERM
Topical term or geographic name entry element Missionaries
Form subdivision Great Britain
General subdivision Biography
9 (RLIN) 10609
942 ## - ADDED ENTRY ELEMENTS (KOHA)
Source of classification or shelving scheme Dewey Decimal Classification
Koha item type Books
Koha issues (borrowed), all copies 1
Holdings
Withdrawn status Lost status Source of classification or shelving scheme Damaged status Not for loan Home library Current Library Shelving location Date acquired Total checkouts Full call number Barcode Date last seen Date last checked out Copy number Price effective from Koha item type
    Dewey Decimal Classification     GRACE BIBLE COLLEGE GRACE BIBLE COLLEGE Ministry & Mission 2018-04-12 1 266.0092 AYL 005049 2025-05-01 2024-11-13 c.1 2018-04-12 Books
© Grace Bible College Library 2025